Statistics for Countries Which Will Lose People until 2050

Click here to take the quiz!

General Stats

  • This quiz has been taken 194 times
  • The average score is 25 of 33

Answer Stats

#ContinentPeopleCountry% Correct
1Asia-34,834,000China
96%
3Europe-18,205,000Russia
95%
2Asia-19,739,000Japan
95%
9Europe-4,087,000Italy
94%
4Europe-8,287,000Germany
93%
10Europe-1,972,000Spain
93%
5Europe-7,647,000Ukraine
88%
17Asia-853,000South Korea
86%
7Europe-5,288,000Poland
86%
14Europe-1,080,000Greece
84%
8Europe-4,553,000Romania
83%
15Europe-1,025,000Portugal
81%
13Europe-1,374,000Belarus
79%
18Europe-637,000Croatia
79%
11Europe-1,948,000Bulgaria
78%
19Europe-614,000Czech Republic
77%
12Europe-1,481,000Hungary
76%
22Europe-453,000Slovakia
75%
30Europe-167,000Albania
74%
29Europe-189,000Estonia
74%
33Europe-122,000Slovenia
74%
16N. America-900,000Cuba
74%
20Europe-462,000Bosnia and Herzegovina
74%
25Europe-322,000Latvia
73%
21Europe-457,000Lithuania
73%
26Europe-308,000Moldova
65%
31Europe-133,000Macedonia
62%
6Asia-5,756,000Thailand
61%
28Asia-257,000Armenia
56%
27Asia-282,000Georgia
54%
32N. America-131,000El Salvador
38%
23Asia-378,000Lebanon
37%
24Asia-367,000Sri Lanka
29%

Score Distribution

Percentile by Number Answered

Percent of People with Each Score

Your Score History

You have not taken this quiz